Регионална библиотека "Любен Каравелов" - Русе

Борба (Запис номер 18969)

MARC детайли
000 -Лидер
Контролно поле с фиксирана дължина 01450nam a2200361 c 4500
003 - Код на организацията, давaща контролен номер
Контролно поле BLK
005 - Дата и час на последна редакция
Контролно поле 20250225005543.0
008 - Елементи от данни с фиксирана дължина
fixed length control field 180413b bul|||||r ||||||| ||bul||
010 ## - Наследен системен номер
LC control number KNG00021056000
020 ## - Международен стандартен номер на книга ISBN
Международен стандартен номер на книга ISBN 954-9559-14-9
040 ## - Източник на каталожния запис
Идентификатор на билиотеката - собственик на записа BLK
041 ## - Код за език
Код за езика на текст/звукозапис или на отделно заглавие Български
Код за езика КДБФ Български
080 ## - УДК
Текстов определител УДК Българска литература
УДК код - определител по УДК 821.163.2
УДК определител -1
УДК - код + определител 821.163.2-1
080 ## - УДК
Текстов определител УДК Българска литература
УДК код - определител по УДК 821.163.2
УДК определител -3
УДК - код + определител 821.163.2-3
080 ## - УДК
Текстов определител УДК Българска литература
УДК код - определител по УДК 821.163.2
УДК определител -4
УДК - код + определител 821.163.2-4
100 ## - Редна дума - Автор
Автор Ботев, Христо
Дати, свързани с автора 1848 - 1876
Пълна форма на името Петков, Христо Ботев
Авторска отговорност първи автор
R(LIN) 364222
139 ## - Редно поле
Редна дума Ботев, Христо
Авторски знак Ботев, Хр. - Б 70
245 10 - Сведения за заглавието
Заглавие Борба
Подзаглавни данни Съчинения : В 2 т.
Редно поле (дума) Христо Ботев.
Том Т. 1
257 ## - Страна на издаване
Страна на създаване/издаване България
260 ## - Област на издателските данни
Година на издаване 1998 -
Печатница София : Д. Благоев-2
300 ## - Физическа характеристика
Размери/Мащаб 22 см
380 ## - Жанр
Жанр Худож. лит.
490 1# - СЕРИИ (Колекции)
Име на серия Поредица Българска класика
500 ## - Общи забележки
Забележка Азб. показалец за лица, период. изд., загл. на произведения, д-ва, к-ти и др. - Офс. изд. - 2 000 тир.
760 1# - Описание на основната серия
Редна дума на основното описание Ботев, Христо
Място на издаване, издател и година Захарий Стоянов, 1998
Страници - том 822 с.
Заглавие Т. 1
852 ## - Местоположение
Форматна сигнатура Цб 196069
856 4# - Електронен адрес и достъп
Електронен формат pdf - файл
Път до файла /url/
856 4# - Електронен адрес и достъп
Електронен формат pdf - файл
Път до файла /url/
999 ## - СИСТЕМНИ КОНТРОЛНИ НОМЕРА
Koha biblionumber 18969
Koha biblioitemnumber 18969
942 ## - АРТИКУЛИ
Вид на библиотечния материал Книги
Скрит в OPAC Не
Периодичен библиозапис Да
944 ## - СЪЗДАВАНЕ И РЕДАКЦИЯ на ЗАПИСА
Създаване/Редакция Създаване
Дата на регистрацията/редакция 15.01.2003
Статус, дата на статуса CRON CRON
Служител, извършил регистрацията/редакцията
944 ## - СЪЗДАВАНЕ И РЕДАКЦИЯ на ЗАПИСА
Създаване/Редакция Редакция
Дата на регистрацията/редакция 15.01.2014
Статус, дата на статуса ф /
999 ## - СИСТЕМНИ КОНТРОЛНИ НОМЕРА
Koha biblioitemnumber 18969
Наличности
Код за отписване Код за изгубен артикул Източник на класификационната схема Код за повреда Коз за рестрикции Код за отдаване Артикулен № Име на библиотеката - собственик Име на библиотеката, в която се намира в момента Статус (Текущо местоположение) Дата на вписване в системата Местоположение - отдел Цена в лева Инвентарен номер Систематично азбучна сигнатура Баркод Номер на екземпляра Цена в евро Служебна бележка Служебен тип на артикула
  Не е изгубен Universal Decimal Classification Не е повреден без рестрикции ползва се в читалня 31699 Регионална библиотека "Любен Каравелов" Русе Регионална библиотека "Любен Каравелов" Русе Хранилище 1998-01-01 Хранилище 0.00 639384 Цб 196069 120000639384 1 0.00 Дост: Dp Вид: Д N: стар фонд Дата: 01.01.1998 Книги
Vip Innovations Ltd, Rousse, Bulgaria 2025